00238pam a2200109 a 4500020000500000041000800005082000800013100001700021245004900038260002800087300001300115 c aeng bCHA aCharnia KE . aAratificial Intelligence hTextual Documents a[s.l]:bAddison Wesley  a701 pg .